000 02297nas1a22005411i 4500
001 RU\NLR\INFOCOMM_23\5000271440
005 20240726054036.0
035 _a(NLR Aleph) 003332930
090 _a1970884
_c1970884
100 _a20050726c1970 |||y0rusy50 ba
101 0 _aspa
102 _aRU
110 _aayuz|||0|y|
200 1 _aCiencias sociales
_fAcad. de ciencias de la URSS. Sección de ciencias sociales. Presidencia de la AC de la URSS
210 _aМ.
_d1970-
300 _aВыходит на англ., исп., нем., порт., франц. яз.
801 1 _aRU
_bInfoComm
_c20050726
801 0 _aRU
_bNLR
_gPSBO
852 _aNLR
_jP22/2934
942 _cJOURNAL
980 _aINPER